Harvard Studies in Classical Philology

محفوظ في:

التنسيق: دورية

اللغة: Undetermined

منشور في: JSTOR
Department of the Classics, Harvard University

الموضوعات:

الوصول للمادة أونلاين: Login to view Source

الوسوم: إضافة وسم

لا توجد وسوم, كن أول من يضع وسما على هذه التسجيلة!

رقم الطلب:

LEADER 00545nas a2200169Ia 4500
008 220214c99999999xx |||||||||||| ||und||
022 |a 0073-0688 
022 |a 2325-9353 
245 0 0 |a Harvard Studies in Classical Philology 
264 1 |b JSTOR 
264 1 |b Department of the Classics, Harvard University 
362 0 |a Vol. 1(1890)-109 (2017) 
653 1 0 |a Humanities 
856 4 0 |u https://www.jstor.org/journal/harvstudclasphil 
942 |c JL 
952 |0 0  |1 0  |4 0  |7 1  |9 35113  |a JSR  |b JSR  |d 2022-02-14  |l 0  |r 2022-02-14 00:00:00  |w 2022-02-14  |y JL 
999 |c 43446  |d 43446